00431nam a2200181Ia 4500008004100000020001800041050001400059100002500073245003000098245002800128260001500156260001600171260000900187300001500196300002000211300001000231500000800241170918s9999 xx 000 0 und d a978059013924x bW847 1994 aWojciechowski, Susan aDon't call me Beanhead! / cby Susan Wojciechowski. aNew York : bScholastic, c1994 a74 pages : billustrations ; c19cm. a810